Odgadnij państwa na obszarach satelitarnych - Statystyki

Ogólne statystyki
  • Ten quiz został rozwiązany 19 razy
  • Średni wynik to 13 z 16
Statystyki odpowiedzi
Obrazkowy Odpowiedź % Poprawnych
Arabia Saudyjska / Armenia / Azerbejdżan / Cypr / Egipt / Grecja / Irak / Iran / Izrael / Jordania / Liban / Libia / Syria / Turcja
94%
Dania / Szwecja
94%
Kanada
94%
Litwa / Polska / Rosja
94%
Meksyk
94%
Bangladesz / Indie / Indonezja / Malediwy / Malezja / Mjanma / Sri Lanka
88%
Belgia / Francja / Holandia / Niemcy / Wielka Brytania
88%
Białoruś / Estonia / Finlandia / Kazachstan / Litwa / Łotwa / Polska / Rosja / Szwecja / Ukraina
88%
Rosja
82%
Brazylia
76%
Brunei / Filipiny / Indonezja / Malezja / Papua-Nowa Gwinea
76%
Francja
76%
Kanada / Stany Zjednoczone
76%
Dominikana / Stany Zjednoczone
71%
Lesotho / Republika Południowej Afryki
71%
Gambia / Gwinea Bissau / Senegal
53%
Nie znaleziono quizów pasujących do podanych kryteriów
Rozkład punktacji
Procent ludzi z każdym wynikiem
Percentyl według liczby udzielonych odpowiedzi
Twoja historia wyników
Nie rozwiązałeś tego quizu